| 000 | 01023nam2a22002411 4500 | ||
|---|---|---|---|
| 001 | rc\142588 | ||
| 005 | 20250612174928.0 | ||
| 010 | _a5-87170-027-6 | ||
| 035 | _a(NLR Aleph) 008762972 | ||
| 090 |
_a7876724 _c7876724 |
||
| 100 | _a20030307d1996 |||y0rusy50 ca | ||
| 101 | 0 | _arus | |
| 102 | _aRU | ||
| 105 | _aa ||||||||| | ||
| 200 | 1 |
_aДзержинский район _eА - Я _f[Сост. Веселков А.С. (руководитель) и др.] |
|
| 210 |
_d1996 _aБ. м. |
||
| 215 |
_a680 с. _cцв. ил. |
||
| 461 | 0 |
_1001rc\142582 _12001#$aКнига Памяти$eРос. Федерация$eЛенинград, 1941-1945$f[Редкол.: Пред. Мутко В.Л. и др.]$vТ. 6 _97933074 _cСПб. _d1994 _f[Редкол.: Пред. Мутко В.Л. и др.] _nНотабене _oРос. Федерация : Ленинград, 1941-1945 _tКнига Памяти _y5871700217 _vТ. 6 |
|
| 801 | 0 |
_aRU _bNLR _gpsbo |
|
| 801 | 1 |
_aRU _bELAR _2rusmarc |
|
| 852 |
_aNLR _bС _jК-4/612 |
||
| 942 | _cBOOK | ||
| 980 | _aNB | ||